000 00577nam a22001817a 4500
005 20251108172547.0
008 250721s1999 xx 000 0 ara d
082 1 4 _a630.7/دوي
100 1 _aالدويري، إبراهيم محمد
245 1 0 _aالمشروعات البحثية المدعومة .... /
264 1 _aعمان :
_bالمجلس الاعلى للعلوم،
_c1999.
300 _a55 ص
650 1 7 _aالتربة القاحلة
650 1 7 _aوسائط الأشناط
650 1 7 _aالأبحاث الزراعية
942 _2ddc
_cBK
999 _c82537
_d82537